000
00332nam a22001457a 4500
008
210511b ||||| |||| 00| 0 eng d
020
_a
9780324065916
041
_a
eng
080
_2
8th
_a
334.7
082
_a
334.7
100
_a
55
101
_a
MF
245
_a
Contemporary Financial Management
_c
Moyer,R.Ch
942
_2
udc
_c
BK
999
_c
57151
_d
57151